| 000 | 00545nam a2200181 a 4500 | ||
|---|---|---|---|
| 005 | 20250322063754.0 | ||
| 008 | 991125s1977 mx 000 0 spa u | ||
| 035 | _aUPN01000010889 | ||
| 049 | _aCG | ||
| 050 | 4 | _aLC191 C65 | |
| 245 | 0 | 0 |
_aConfrontación nacional : _beducación y desarrollo, política agraria, desarrollo regional |
| 260 |
_aMéxico : _bTribuna de la Juventud, _c1977 |
||
| 300 | _a415 p | ||
| 440 | 0 |
_aEdiciones tribuna de la juventud; _v2 |
|
| 650 | 4 |
_aEducación y sociedad _96876 |
|
| 904 |
_aAC _b010890 |
||
| 905 | _aLibro | ||
| 999 |
_c10889 _d10889 |
||